000 00740nam a22002297a 4500
003 UA-OsUOA
001 120205
007 ta
008 20161216b un ||||| |||| 00| 0 ukr d
090 _a929:53
_bК79
942 _cBK
040 _aUA-OsUOA
_bukr
_cUA-OsUOA
_dUA-OsUOA
245 _aКредо життя - наука
_bдо 80-річчя від дня народження Петра Михайловича Томчука
_cупор. І. Ганджа, В. Шендеровський
300 _a184 с.
955 _a1
041 _aukr
080 _a929:53
020 _a978-966-2068-39-9
260 _aК.
_bПростір
_c2013
650 7 _a9 Географія. Біографії. Історія
_2UDC
999 _c406763
_d406763